| 000 | 01042cam a22002895a 4500 | ||
|---|---|---|---|
| 003 | EG-ScBUE | ||
| 005 | 20221116053135.0 | ||
| 008 | 100718s2003 ua o f b 000 0bara d | ||
| 017 | _a2003 / 14446 | ||
| 020 | _a9773055150 | ||
| 040 |
_aEG-ScBUE _bara _erda _cEG-ScBUE _dEG-ScBUE |
||
| 082 | 0 | 4 |
_a791.43092 _bح ك ي _222 |
| 100 | 1 |
_aحكيم، أيمن، _eمؤلف. _916392 |
|
| 245 | 1 | 0 |
_aزمن محسن زايد / _cأيمن الحكيم. |
| 264 | 1 |
_aالقاهرة : _bالهيئة العامة لقصور الثقافة، _c2003. |
|
| 300 |
_a135 صفحة : _bصور ؛ _c24 سم. |
||
| 490 | 0 |
_aآفاق السينما ؛ _v31 |
|
| 504 | _aيشتمل على إرجاعات ببليوجرافية. | ||
| 541 |
_aألف باء ؛ _cشراء ؛ |
||
| 600 | 1 | 7 |
_aزايد، محسن، _d1944-2003. _2BUEsh |
| 650 | 7 |
_aالسينما. _2BUEsh _99348 |
|
| 650 | 7 |
_aالأفلام السينمائية _xتأليف. _2BUEsh _916393 |
|
| 651 | _2BUEsh | ||
| 653 |
_bARALIT _cAugust2015 |
||
| 655 | _vReading book | ||
| 942 | _2ddc | ||
| 999 |
_c14503 _d14503 |
||